General Knowledge Quiz #192 - Statistics

General Stats
  • This quiz has been taken 66,952 times
  • The average score is 11 of 20
Answer Stats
Question Answer % Correct
What is an armada composed of? Ships
80%
What are dahlias, crocuses, and foxgloves? Flowers
78%
If something is "gilded" what is it covered with? Gold
78%
What country is home to the most different species of cacti? Mexico
78%
What two words do fencers say at the beginning of a match? En garde!
73%
What was the name of the cowboy in "Toy Story"? Woody
73%
What English soccer team has a name that means "a place where weapons are made or stored"? Arsenal
68%
Hitler, Stalin, and Mussolini were nominated but didn't win. Yasser Arafat actually did win. What are we referring to? Nobel Peace Prize
67%
What book was about a group of British schoolboys who reverted to savagery when stranded on a tropical island? The Lord of the Flies
59%
What word can be formed by adding three letters to the word "bamboo"? Bamboozle
58%
What action movie star has the initials JCVD? Jean-Claude Van Damme
58%
What psychological condition was formerly known as manic depression? Bipolar disorder
51%
What city is known as Den Haag in its native language? The Hague
48%
What is the Spanish word for city? Ciudad
46%
What fictional character is a cocaine user who wears a deerstalker hat? Sherlock Holmes
44%
What is the largest city in the state of Maryland? Baltimore
43%
What are the three parts of the human brain? Cerebellum
35%
What are the three parts of the human brain? Brain stem
31%
What are the three parts of the human brain? Cerebrum
27%
In seven countries, more than 10% of the population speaks Russian as a first language. What is the only one that was not a part of the Soviet Union? Israel
7%
No matching quizzes found
Score Distribution
Percent of People with Each Score
Percentile by Number Answered
Your Score History
You have not taken this quiz